000 00978nam a2200217 i 4500
001 96699
003 ES-MaACL
005 20231226211011.0
007 t|
008 050630s1963 sp ||||1| spa d
100 1 _aPrimo de Rivera, José Antonio,
_d1903-1936
_9142533
245 1 0 _aFrente a frente
_b: José Antonio Primo de Rivera frente al tribunal popular : texto taquigráfico del juicio oral de Alicante, 1936 /
_c[edit. por] José Mancisidor ; prólogo de Miguel Primo de Rivera y Saenz de Heredia ; introducción de José Luna Meléndez.
260 _aMadrid :
_bSenen Martín,
_c1963.
300 _a367 p. ;
_c25 cm.
600 1 7 _aPrimo de Rivera, José Antonio,
_d1903-1936-
_xProcesos
_2
_9154409
700 1 _aLuna Meléndez, José.
_974771
700 0 _aMancisidor, José María.
_975935
700 1 _aPrimo de Rivera y Sáenz De Heredia, Miguel,
_cDuque de Primo de Rivera,
_d1905-1964
_9154410
852 _aES-MaACL
_jC-22904
_bR.51642
999 _c96699
_d96699